Rebel Moon (2023): Characters by Picture - Statistics

General Stats
  • This quiz has been taken 4 times
  • The average score is 5 of 20
Answer Stats
Picture Answer % Correct
Kora
100%
Atticus Noble
50%
Gunnar
50%
Tarak Decimus
50%
Darrian Bloodaxe
25%
Devra Bloodaxe
25%
JC-1435 "Jimmy"
25%
Kai
25%
Milius
25%
Nemesis
25%
Sindri
25%
Titus
25%
Aris
0%
Athander
0%
Balisarius
0%
Cassius Falto
0%
Hagen
0%
Harmada
0%
Issa
0%
Levitica
0%
No matching quizzes found
Score Distribution
Percent of People with Each Score
Percentile by Number Answered
Your Score History
You have not taken this quiz